Przywódcy Państw w latach (1939-1945) - Statystyki

Ogólne statystyki
  • Ten quiz został rozwiązany 296 razy
  • Średni wynik to 7 z 15
Statystyki odpowiedzi
Państwo Dowódca Od Do % Poprawnych
Niemcy Adolf Hitler 1933 1945
100%
ZSRR Joseph Stalin 1922 1953
96%
Włochy Benito Mussolini 1922 1943
85%
Wielka Brytania Winston Churchill 1940 1945
73%
Japonia Hirohito 1926 1989
72%
USA Franklin Roosevelt 1933 1945
64%
Hiszpania Francisco Franco 1936 1975
59%
Polska Władysław Sikorski 1939 1943
45%
Węgry Miklós Horthy 1920 1944
36%
Słowacja Jozef Tiso 1939 1945
31%
Francja Philippe Petain 1940 1944
31%
Bułgaria Borys III 1918 1943
19%
Rumunia lon Antonescu 1940 1944
13%
Grecja Joanis Metaksas 1936 1941
3%
Portugalia Óskar Carmona 1926 1951
1%
Nie znaleziono quizów pasujących do podanych kryteriów
Rozkład punktacji
Procent ludzi z każdym wynikiem
Percentyl według liczby udzielonych odpowiedzi
Twoja historia wyników
Nie rozwiązałeś tego quizu